| 000 | 00457nam a2200169Ia 4500 | ||
|---|---|---|---|
| 008 | 230917s9999||||xx |||||||||||||| ||und|| | ||
| 020 | _cRS895 | ||
| 040 |
_e229213 _aMAIN |
||
| 041 | _aEnglish | ||
| 082 | _a595.70954 S82C | ||
| 100 | _aSathe, T V | ||
| 245 | 0 | _aChromosomal diversity in insects | |
| 260 |
_aNew Delhi _bDaya Publishing House _c2015 |
||
| 300 | _av, 161 p. | ||
| 500 | _a2170 09/11/2015 RBP15/48714 19/11/2015 Main Budget | ||
| 942 | _cBK | ||
| 999 |
_c16564 _d16564 |
||